Русский язык: учебник для вузов

Detaylı Bibliyografya
Diğer Yazarlar: Касаткин Л. Л. Леонид Леонидович (редактор)
Özet:Учебник представляет собой полную картину анализа русского языка. Он включает все понятия и сведения о языке, необходимые для изучения будущим учителям начальной школы. В разделах «Фонетика», «Морфология», «Лексика», «Словообразование», «Орфография» и др. авторы излагают материал, отдавая дань традиции, на высоком научном уровне, но при этом доступно и лаконично, с интересными примерами, что облегчает усвоение самых трудных разделов учебника. Большое значение приобретает факт изложения программного материала в русле расширения общей эрудиции и повышения культуры будущих педагогов.
Dil:Rusça
Baskı/Yayın Bilgisi: Москва, Академия, 2005
Edisyon:3-е изд., стер.
Seri Bilgileri:Высшее профессиональное образование. Педагогические специальности
Konular:
Materyal Türü: Kitap
KOHA link:https://koha.lib.tpu.ru/cgi-bin/koha/opac-detail.pl?biblionumber=170805

MARC

LEADER 00000nam0a2200000 4500
001 170805
005 20231101222920.0
010 |a 5769523379 
035 |a (RuTPU)RU\TPU\book\185212 
035 |a RU\TPU\book\106982 
090 |a 170805 
100 |a 20060710d2005 m y0rusy50 ca 
101 0 |a rus 
102 |a RU 
105 |a y j 001zy 
200 1 |a Русский язык  |e учебник для вузов  |f под ред. Л. Л. Касаткина 
205 |a 3-е изд., стер. 
210 |a Москва  |c Академия  |d 2005 
215 |a 768 с. 
225 1 |a Высшее профессиональное образование. Педагогические специальности 
320 |a Библиогр.: с. 754. 
330 |a Учебник представляет собой полную картину анализа русского языка. Он включает все понятия и сведения о языке, необходимые для изучения будущим учителям начальной школы. В разделах «Фонетика», «Морфология», «Лексика», «Словообразование», «Орфография» и др. авторы излагают материал, отдавая дань традиции, на высоком научном уровне, но при этом доступно и лаконично, с интересными примерами, что облегчает усвоение самых трудных разделов учебника. Большое значение приобретает факт изложения программного материала в русле расширения общей эрудиции и повышения культуры будущих педагогов. 
606 1 |a Русский язык  |x Учебные руководства и пособия для высшей школы  |2 stltpush  |3 (RuTPU)RU\TPU\subj\26398  |9 50338 
610 1 |a речь 
610 1 |a язык 
610 1 |a происхождение 
610 1 |a лексикология 
610 1 |a лексическая семантика 
610 1 |a лексика 
610 1 |a словарный состав 
610 1 |a фразеология 
610 1 |a лексикография 
610 1 |a орфоэпия 
610 1 |a орфография 
610 1 |a графика 
610 1 |a словообразование 
610 1 |a морфология 
610 1 |a части речи 
610 1 |a синтаксис 
610 1 |a предложение 
610 1 |a учебники 
686 |a Ш141.2-923  |v LBC/SL-A  |2 rubbk 
702 1 |a Касаткин  |b Л. Л.  |g Леонид Леонидович  |4 340 
801 1 |a RU  |b 63413507  |c 20091126 
801 2 |a RU  |b 63413507  |c 20151013  |g RCR 
942 |c BK 
959 |a 117/20091126  |d 6  |e 396,00  |f ЧЗИЛ:1  |f УФ:5